书目信息 |
| 题名: |
你在为谁学习
|
|
| 作者: | 李明军 著 | |
| 分册: | ||
| 出版信息: | 北京 当代世界出版社 2008.03 |
|
| 页数: | 244页 | |
| 开本: | 24cm | |
| 丛书名: | ||
| 单 册: | ||
| 中图分类: | B848.4 | |
| 科图分类: | ||
| 主题词: | 成功心理--cheng gong xin li | |
| 电子资源: | ||
| ISBN: | 978-7-5090-0297-1 | |
| 000 | 00745nam0 2200229 450 | |
| 001 | 012008389383 | |
| 005 | 20080610154149.82 | |
| 010 | @a978-7-5090-0297-1@dCNY28.00 | |
| 100 | @a20080610d2008 em y0chiy0120 ea | |
| 101 | 0 | @achi |
| 102 | @aCN@b110000 | |
| 105 | @ay z 000yy | |
| 106 | @ar | |
| 200 | 1 | @a你在为谁学习@Ani zai wei shui xue xi@f李明军著@Fli ming jun zhu |
| 210 | @a北京@c当代世界出版社@d2008.03 | |
| 215 | @a244页@d24cm | |
| 330 | @a本书对于学习的目的以及学习的方法进行了介绍,并且对青少年如何抗拒各种诱惑、如何与父母沟通、如何面对生活给予了指导。 | |
| 606 | 0 | @a成功心理@Acheng gong xin li |
| 690 | @aB848.4@v4 | |
| 701 | 0 | @a李明军@Ali ming jun@4著 |
| 801 | 0 | @aCN@bQSSK@c20080610 |
| 905 | @b725650-52@dB848.4@eL212@f3 | |
| 你在为谁学习/李明军著.-北京:当代世界出版社,2008.03 |
| 244页;24cm |
| ISBN 978-7-5090-0297-1:CNY28.00 |
| 本书对于学习的目的以及学习的方法进行了介绍,并且对青少年如何抗拒各种诱惑、如何与父母沟通、如何面对生活给予了指导。 |
| ● |
| 相关链接 |
|
|
|
正题名:你在为谁学习
索取号:B848.4/L212
 
预约/预借
| 序号 | 登录号 | 条形码 | 馆藏地/架位号 | 状态 | 备注 |
| 1 | 725650 | 207256501 | 社科库509/509社科库 44排4列2层/ [索取号:B848.4/L212] | 在馆 | |
| 2 | 725651 | 207256510 | 社科库509/509社科库 44排4列2层/ [索取号:B848.4/L212] | 在馆 | |
| 3 | 725652 | 207256529 | 社科库509/422社科库 44排3列5层/ [索取号:B848.4/L212] | 在馆 |